LEADER 01067nam a2200217 i 4500 001 000000042009 003 CaOOAMICUS 005 20120608000000.0 008 120608s1873 it u000 u ita u 013 $a13179 040 $aSeMil$bita 100 1 $aMoglino, Paolo.$0(OLS)http://semarc/name/20726 245 10$aDimostrazione apologetica del Sillabo di Pio 9. ossia Confutazione ragionata delle 80 proposizioni in esso condannate /$copera del padre lettore Paolo Moglino. 260 $aMondovì :$bG. Bianco,$c1873. 300 $a509 p. ;$c19 cm. 500 $aSul front. : Estratta dall'Apologista cattolico. 650 4$aPio IX - Encicliche . Quanta cura - Sillabo.$0(OLS)http://semarc/subject/843 850 $aSeMil 852 $aSeMil$W1$xVenegono$y1$m2A II 8 FA$j8164$B8164$CSeMilBibl$Z2$F8164 $8I 996 $6245$aDimostrazione apologetica del Sillabo di Pio 9. ossia Confutazione ragionata delle 80 proposizioni in esso condannate$9(OLS)http://semarc/title/61108 996 $6260$aMondovì :$bG. Bianco$9(OLS)http://semarc/publisher/40286 LEADER 01561nam a2200325 i 4500 001 000000112554 003 CaOOAMICUS 005 20030224000000.0 008 030224s1989 it u000 u ita u 013 $a85238 020 $a88-204-3147-5 040 $aSeMil$bita 100 1 $aGario, Giuseppe.$0(OLS)http://semarc/name/47127 245 13$aLa democrazia realizzata :$borigine e senso della transizione urbano-industriale /$cdi Giuseppe Gario. 260 $aMilano :$bFranco Angeli,$ccopyr. 1989. 300 $a154 p. :$bill., tabelle + [1] c. di errata corrige. ;$c22 cm. 490 0 $aCollana IReR ;$v42 500 $aIn testa al front. : IReR. - Contiene : Bibliografia. - In Appendice : Progetto Milano. - Fondo Card. C.M. Martini. 650 4$aDemocrazia.$0(OLS)http://semarc/subject/359 650 4$aTrasformazione industriale.$0(OLS)http://semarc/subject/20263 650 4$aTrasformazione urbana.$0(OLS)http://semarc/subject/20264 700 1 $aIstituto regionale di ricerca della Lombardia.$0(OLS)http://semarc/name/3712 830 0$aCollana IReR ;$v42.$0(OLS)http://semarc/title/15917 850 $aSeMil 852 $aSeMil$W1$xVenegono$y1$m3N III 38$j68287$B68287$CSeMilBibl$Z2$F85636 $81 941 1 $a4 961 $aOmaggio: Martini Card. Carlo Maria 996 $6020$a88-204-3147-5$9(OLS)http://semarc/number/95152 996 $6245$aLa democrazia realizzata :$borigine e senso della transizione urbano-industriale$9(OLS)http://semarc/title/164112 996 $6260$aMilano :$bFranco Angeli$9(OLS)http://semarc/publisher/30369